000 00424nam a2200157 4500
001 133434
003 ES-MaACL
005 20230906194414.0
007 t|
008 070214s1914 sz r ||||1| ger d
100 1 _aRuiz, Diego.
_9100600
245 1 0 _aKosmogogischer dialog /
_cDiego Ruíz.
260 _aBern :
_b[s.n.],
_c1914 (
_fTip. Succ. A. Garagnani)
300 _a59 p. ;
_c22 cm.
852 _aES-MaACL
_jT-1411-F-8
999 _c133434
_d133434